| 000 | 00440nam a2200169Ia 4500 | ||
|---|---|---|---|
| 008 | 230711s9999||||xx |||||||||||||| ||und|| | ||
| 020 | _a978-81-272-6237-2 | ||
| 041 | _aENG | ||
| 082 |
_a658 _bSO-M |
||
| 100 | _aSontakki,C.N | ||
| 245 | 0 | _aMarketing management in the Indian background | |
| 250 | _a5th Ed. | ||
| 260 |
_c2012 _aNew Delhi _bKalyani Publishers House |
||
| 300 | _a953 | ||
| 650 | _aUNIVESITY BUSNIESS SCHOOL | ||
| 942 | _cBK | ||
| 999 |
_c5554 _d5554 |
||